| 000 | 00558nam a2200217 a 4500 | ||
|---|---|---|---|
| 001 | BRL_684 | ||
| 005 | 20190320210843.0 | ||
| 008 | 250913s1931----gw-#######---#000-0#eng-# | ||
| 041 | _aeng | ||
| 044 | _agw | ||
| 050 | 4 |
_aPR5363 _b.S53 1931 |
|
| 100 | 1 |
_aShaw, Bernard _d1856-1950 _916963 |
|
| 245 | 1 | 0 |
_aArms and the Man _cby Bernard Shaw. |
| 260 |
_aLeipzig _bBernhard Tauchnitz _c1931 |
||
| 300 |
_a88 p. _c16 cm. |
||
| 440 | 0 |
_aSonderausgaben mit wörterbuch _v2 _924646 |
|
| 500 | _aAu771 | ||
| 650 | 1 | 4 |
_aDrama _916014 |
| 902 | _aGRL | ||
| 942 |
_2lcc _cB |
||
| 999 |
_c9496 _d9496 |
||